[Event "HUN-chT2 Charousek 1415"]
[Site "Hungary"]
[Date "2015.04.26"]
[Round "9"]
[White "Mervo, Jozsef"]
[Black "Vargyas, Zoltan"]
[Result "1-0"]
[WhiteElo "2048"]
[BlackElo "2071"]
[PlyCount "85"]
[EventDate "2014.10.12"]
[EventType "team-tourn"]
[EventRounds "9"]
[EventCountry "HUN"]
[SourceTitle "EXT 2016"]
[Source "ChessBase"]
[SourceDate "2015.10.08"]
[SourceVersion "1"]
[SourceVersionDate "2015.10.08"]
[SourceQuality "1"]
[WhiteTeam "Biatorbagy"]
[BlackTeam "Balatonfuered"]
[WhiteTeamCountry "HUN"]
[BlackTeamCountry "HUN"]

1. d4 Nf6 2. c4 e6 3. Nc3 Bb4 4. f3 d5 5. a3 Be7 6. e4 dxe4 7. fxe4 e5 8. d5 a5 9. Nf3 Bc5 10. Bg5 h6 11. Bh4 Qe7 12. h3 g5 13. Bg3 Nbd7 14. Qc2 Kf8 15. 0-0-0 Ne8 16. Bd3 f6 17. Qe2 Nd6 18. Rdf1 Kg7 19. Be1 Nf8 20. Bd2 Ng6 21. g3 Bd7 22. Ne1 h5 23. h4 Bg4 24. Qg2 c6 25. Nf3 Bxf3 26. Qxf3 g4 27. Qe2 Rhb8 28. Be3 Bd4 29. c5 Nf7 30. d6 Qd8 31. Bc4 b6 32. Bxf7 Bxe3+ 33. Qxe3 Kxf7 34. Rf5 bxc5 35. Qxc5 Nf8 36. Qxe5 Nd7 37. Qd4 Kg6 38. Rhf1 Qg8 39. e5 Qb3 40. Qd2 Nxe5 41. Rxf6+ Kg7 42. Qh6+ Kg8 43. Qg5+ 1-0